| 000 | 00772pam a2200241 a 4500 | ||
|---|---|---|---|
| 999 |
_c36340 _d36340 |
||
| 001 | 2562006 | ||
| 005 | 20221116103254.0 | ||
| 008 | 950829s1996 enka 001 0 eng | ||
| 010 | _a 95040781 | ||
| 020 | _a0534948545 (acidfree paper) x | ||
| 050 | 0 | 0 |
_aQA551 _b.R48 1996 |
| 080 | _a514 R-54 | ||
| 100 | 1 |
_aRiddle, Douglas F. _9687 |
|
| 245 | 1 | 0 |
_aAnalytic geometry / _cDouglas F. Riddle. |
| 250 | _a6th ed. | ||
| 260 |
_aBoston : _bPWS Pub. Co., _cc1996. |
||
| 300 |
_axvii, 473 p. : _bill. ; _c25 cm. |
||
| 500 | _aIncludes index. | ||
| 650 | 0 |
_aGeometry, Analytic. _9688 |
|
| 906 |
_a7 _bcbc _corignew _d1 _eocip _f19 _gy-gencatlg |
||
| 942 |
_2udc _cBK |
||
| 955 | _apc20 to ja00 08-29-95; jd25/jd20 08-30-95; jd99 08-30-95;; jd85 09-01-95; CIP ver. pv07 01-23-96 | ||